Регионална библиотека "Любен Каравелов" - Русе

Спасение (Запис номер 197471)

MARC детайли
000 -Лидер
Контролно поле с фиксирана дължина 01439nam a2200337 c 4500
003 - Код на организацията, давaща контролен номер
Контролно поле BLK
005 - Дата и час на последна редакция
Контролно поле 20180422120206.0
008 - Елементи от данни с фиксирана дължина
fixed length control field 180411b bul|||||r ||||||| ||bul||
010 ## - Наследен системен номер
LC control number KNG00206752000
040 ## - Източник на каталожния запис
Идентификатор на билиотеката - собственик на записа BLK
041 ## - Код за език
Код за езика на текст/звукозапис или на отделно заглавие Български
Код за езика КДБФ Български
080 ## - УДК
Текстов определител УДК Българска литература
УДК код - определител по УДК 821.163.2
УДК определител -31
УДК - код + определител 821.163.2-31
080 ## - УДК
Текстов определител УДК Юнско и Септемврийско антифашистко въстание (1923)
УДК код - определител по УДК 94(497.2)"1923"
УДК определител (092)
УДК - код + определител 94(497.2)"1923"(092)
080 ## - УДК
Текстов определител УДК Биографии
УДК код - определител по УДК 929
УДК определител
УДК - код + определител 929
100 1# - Редна дума - Автор
Автор Поптонев, Стефан Димов
Авторска отговорност първи автор
R(LIN) 364976
139 ## - Редно поле
Редна дума Поптонев, Стефан Димов
Авторски знак Попт - П 78
245 10 - Сведения за заглавието
Заглавие Спасение
Подзаглавни данни Худож.-докум. роман за поп Андрей
Редно поле (дума) Стефан Димов Поптонев.
257 ## - Страна на издаване
Страна на създаване/издаване България
260 ## - Област на издателските данни
-- София
Име на издателя, разпространителя и проч. Нар. младеж
Година на издаване 1990
300 ## - Физическа характеристика
Страници 248 с.
Илюстрации и др. 4 л. ил.
Размери/Мащаб 21 см
380 ## - Жанр
Жанр Худож. лит.
490 1# - СЕРИИ (Колекции)
Име на серия Библиотека България в образи
№: серия 56
650 #4 - Допълнително описание по предмет – тема
Основно описание – тема или топоним Септемврийско въстание 1923 - в художествената литература
9 (RLIN) 274924
653 ## - Ключова дума – ненормативна
Ключова дума Септемврийско въстание 1923
653 ## - Ключова дума – ненормативна
Ключова дума биографии
852 ## - Местоположение
Форматна сигнатура Цб 163857
856 4# - Електронен адрес и достъп
Електронен формат pdf - файл
Път до файла /url/
856 4# - Електронен адрес и достъп
Електронен формат pdf - файл
Път до файла /url/
942 ## - АРТИКУЛИ
Вид на библиотечния материал Книги
Скрит в OPAC Не
944 ## - СЪЗДАВАНЕ И РЕДАКЦИЯ на ЗАПИСА
Създаване/Редакция Създаване
Дата на регистрацията/редакция 23.05.2017
Служител, извършил регистрацията/редакцията Наталия_Любомирова
944 ## - СЪЗДАВАНЕ И РЕДАКЦИЯ на ЗАПИСА
Създаване/Редакция Редакция
Дата на регистрацията/редакция 23.05.2017
Служител, извършил регистрацията/редакцията Наталия_Любомирова
999 ## - СИСТЕМНИ КОНТРОЛНИ НОМЕРА
Koha biblionumber 197471
Koha biblioitemnumber 197471
Наличности
Код за отписване Код за изгубен артикул Източник на класификационната схема Код за повреда Коз за рестрикции Код за отдаване Артикулен № Име на библиотеката - собственик Име на библиотеката, в която се намира в момента Статус (Текущо местоположение) Дата на вписване в системата Местоположение - отдел Цена в лева Инвентарен номер Систематично азбучна сигнатура Баркод Номер на екземпляра Цена в евро Служебна бележка Служебен тип на артикула
  Не е изгубен Universal Decimal Classification Не е повреден без рестрикции ползва се в читалня 343827 Регионална библиотека "Любен Каравелов" Русе Регионална библиотека "Любен Каравелов" Русе Хранилище 1990-01-01 Хранилище 1.82 537107 Цб 163857 120000537107 1 0.93 N: стар фонд Дата: 01.01.1990 Книги
Vip Innovations Ltd, Rousse, Bulgaria 2025